|
|
|
|
| LEADER |
00000nas a2200000 i 4500 |
| 001 |
ssj0064865 |
| 003 |
WaSeSS |
| 005 |
20200512172242.0 |
| 006 |
m d |
| 007 |
cr n |
| 008 |
090618c20059999enktr pss g 0 a0eng d |
| 010 |
|
|
|a 2017208422
|
| 015 |
|
|
|a GBB0A6715
|2 bnb
|
| 016 |
7 |
|
|a 015525129
|2 Uk
|
| 022 |
|
|
|a 2045-4376
|y 1477-0024
|
| 035 |
|
|
|a (WaSeSS)ssj0064865
|
| 037 |
|
|
|a ISSN_14770024
|b Portico
|n Emerald
|
| 040 |
|
|
|a TXI
|b eng
|e pn
|c TXI
|d NRC
|d OCLCQ
|d UKMGB
|d OCLCA
|d BEDGE
|d NLE
|d OCLCQ
|d OCLCO
|d OCLCF
|d OCLCO
|d OCLCQ
|d DLC
|d ZAC
|d OCLCQ
|d U3W
|d UOK
|d OCLCQ
|d WYU
|d WaSeSS
|
| 042 |
|
|
|a lccopycat
|
| 050 |
0 |
0 |
|a K10
|
| 082 |
0 |
4 |
|a 343.087
|2 22
|
| 130 |
0 |
|
|a Journal of international trade law and policy (Online)
|
| 245 |
1 |
0 |
|a Journal of international trade law and policy
|h [electronic resource].
|
| 260 |
|
|
|a Bingley :
|b Emerald Group Publishing,
|c 2002-
|
| 310 |
|
|
|a Three issues a year,
|b 2009-
|
| 321 |
|
|
|a Frequency varies,
|b 2002-2008
|
| 362 |
1 |
|
|a Began with Volume 1, issue 1 (2002).
|
| 506 |
|
|
|a License restrictions may limit access.
|
| 515 |
|
|
|a Some issues combined.
|
| 538 |
|
|
|a Mode of access: World Wide Web.
|
| 588 |
|
|
|a Description based on: Volume 1, issue 1 (2002); title from general information screen (viewed June 18, 2009).
|
| 588 |
|
|
|a Latest issue consulted: Volume 15, issue 2/3 (2016) (Emerald Insight website, viewed February 15, 2017).
|
| 650 |
|
0 |
|a Foreign trade regulation
|v Periodicals.
|
| 650 |
|
0 |
|a International trade
|v Periodicals.
|
| 650 |
|
7 |
|a Publications périodiques.
|2 eclas
|
| 650 |
|
7 |
|a Commerce international.
|2 eclas
|
| 650 |
|
7 |
|a Droit commercial international.
|2 eclas
|
| 650 |
|
7 |
|a Foreign trade regulation.
|2 fast
|0 (OCoLC)fst00931923
|
| 650 |
|
7 |
|a International trade.
|2 fast
|0 (OCoLC)fst00977128
|
| 655 |
|
0 |
|a Electronic journals.
|
| 710 |
2 |
|
|a Emerald Group Publishing.
|
| 776 |
0 |
8 |
|i Print version:
|t Journal of international trade law & policy
|x 1477-0024
|w (DLC) 2005267017
|w (OCoLC)51489209
|
| 850 |
|
|
|a DLC
|
| 856 |
4 |
0 |
|z Full text available from Research Library: 01/01/2005 to 1 year ago
|u https://search.proquest.com/publication/1056342
|